000 00250nam a22001217a 4500
999 _c162470
_d162470
082 _a
_b
100 _aBhola P L
245 _aHistory quiz/
_cby Bhola P L.
260 _aNew Delhi:
_bAnmol,
_c1993.
300 _a126p.
650 _a
942 _cBK